[Event "1st League CS 2011"]
[Site "Kraljevo"]
[Date "2011.09.18"]
[Round "3.6"]
[White "Ratkovic, Miloje"]
[Black "Prelevic, Dusko"]
[Result "0-1"]
[WhiteElo "2135"]
[BlackElo "2311"]
[PlyCount "78"]
[EventDate "2011.09.17"]

1. d4 Nf6 2. Nf3 e6 3. c4 b6 4. a3 Bb7 5. Nc3 d5 6. Bg5 Be7 7. e3 Nbd7 8. Be2
O-O 9. O-O c5 10. cxd5 Nxd5 11. Bxe7 Qxe7 12. Rc1 Rfd8 13. Nxd5 Bxd5 14. Bc4
Bb7 15. Qe2 cxd4 16. Nxd4 a6 17. Bd3 Nc5 18. Bb1 Rac8 19. f3 g6 20. b4 Na4 21.
b5 Qxa3 22. Rxc8 Rxc8 23. Bd3 Nc3 24. Qd2 a5 25. Rc1 Rc5 26. Rc2 e5 27. Ne2
Nxe2+ 28. Qxe2 Qb4 29. Rxc5 Qxc5 30. Kf2 Bd5 31. Qb2 Be6 32. Ke2 a4 33. Kd2 a3
34. Qc3 Qxc3+ 35. Kxc3 a2 36. Kb2 Kf8 37. g4 h6 38. h4 g5 39. h5 f6 0-1